Statistics for Hrvatska na A

Click here to take the quiz!

General Stats

  • This quiz has been taken 698 times
  • The average score is 8 of 16

Answer Stats

HintOdgovor% Correct
Monarhija u čijem je sastavu Hrvatska bila od 1867. do 1918.Austro-Ugarska
86%
Sudionik sinjske viteške igre, ili pripovijetka Dinka ŠimunovićaAlkar
85%
22. lipnja slavimo Dan...antifašističke borbe
74%
Ime koje nose svi u selu Ante CashaAnte
72%
Ugarska dinastija koja je vlada Hrvatskom od 1102. do 1301.Arpadović
62%
Lik iz istoimene pjesme Grigora Viteza, hint: neobičan seljakAntuntun
58%
Nekad ju zovemo i gajica po njenom tvoritelju, to je naša...Abeceda
50%
Bivša nakladnička kuća čiji komplet izdanja Harry Potter knjiga može kupca stajati i više od 3 tisuće kuna danasAlgoritam
44%
Iako još nije u UNESCO svjetskoj baštini, ova građevina krasi naličje novčanice od 10 kunaArena u Puli
44%
Prvi solo album Darka RundekaApokalipso
43%
Klub kojeg je Dinamo dramatično svladao u prvoj rundi UEFA kupa u 07-08 sezoniAjax
39%
Zadarska podetnička skupina podrijetlom iz Albanije, među njima su i Mladen Grdović i Doris PinčićArbanasi
37%
Prezime bivšeg košarkaša koji je zakucao nad Davidom Robinsonom za 25-23 vodstvo protiv Dream Teama (Spusti se Franjo!)Arapović
33%
Postoje Veliki i Mali, prijevoji su na Velebitu visine 1414 i 1045 metaraAlan(i)
22%
Branko Gavella je utemeljio ovu instituciju 1954., dio Sveučilišta u ZagrebuAkademija dramske umjetnosti (ADU)
12%
Grčko ime drugog najvećeg grada u HrvatskojAspalathos
8%

Score Distribution

Percentile by Number Answered

Percent of People with Each Score

Your Score History

You have not taken this quiz